[Event "Zonal 3.1 Women 2015"]
[Site "Muscat OMA"]
[Date "2015.05.23"]
[Round "8.2"]
[White "Pourkashiyan, Atousa"]
[Black "Alkanderi, Suad"]
[Result "1-0"]
[WhiteTitle "WGM"]
[WhiteElo "2356"]
[BlackElo "1417"]
[WhiteFideId "12502014"]
[BlackFideId "10300805"]
[EventDate "2015.05.17"]

1. e4 e5 2. Nf3 Nc6 3. Bb5 a6 4. Ba4 d6 5. O-O Bd7 6. c3 Nge7 7. d4 exd4 8. cxd4
Ng6 9. Nc3 Be7 10. d5 Nb8 11. Bc2 h6 12. Qd3 c6 13. Re1 Ne5 14. Nxe5 dxe5 15.
Qg3 Bf6 16. Be3 b5 17. Rad1 Kf8 18. Bb3 Qc8 19. f4 Bg4 20. fxe5 Bg5 21. Rc1
Bxe3+ 22. Qxe3 cxd5 23. Nxd5 Qxc1 24. Rxc1 Nd7 25. Nc7 Rb8 26. Qf4 Bh5 27. e6 f6
28. exd7 Bf7 29. Qd6+ Kg8 30. Bxf7+ Kxf7 31. Qe6+ Kg6 32. Rc3 Kh7 33. Qf5+ Kg8
34. Rg3 Rh7 35. Qe6+ Kh8 36. Qe8+ 1-0

[Event "Zonal 3.1 Women 2015"]
[Site "Muscat OMA"]
[Date "2015.05.23"]
[Round "8.4"]
[White "Mir Mahmoud, Afamia"]
[Black "Zhu, Chen"]
[Result "0-1"]
[BlackTitle "GM"]
[WhiteElo "1964"]
[BlackElo "2414"]
[WhiteFideId "7600674"]
[BlackFideId "8600546"]
[EventDate "2015.05.17"]

1. d4 d5 2. c4 c6 3. Nf3 Nf6 4. Nc3 a6 5. c5 Nbd7 6. Rb1 e5 7. e3 Qc7 8. b4 Be7
9. Be2 O-O 10. a4 exd4 11. exd4 Ne4 12. Nxe4 dxe4 13. Nd2 Nf6 14. Nc4 Nd5 15.
Qb3 Be6 16. Bd2 Bf6 17. Be3 Rad8 18. O-O Bxd4 19. Bxd4 Nf4 20. Be3 Nxe2+ 21. Kh1
Rd3 22. Qc2 Nc3 23. Nb2 Nxb1 24. Nxd3 Na3 25. Qc3 exd3 26. Qxa3 Rd8 27. Qc3 Qd7
28. Bf4 Qd5 29. a5 d2 30. Rd1 Qe4 31. Be3 Bg4 32. Bg5 Bxd1 0-1

[Event "Zonal 3.1 Women 2015"]
[Site "Muscat OMA"]
[Date "2015.05.24"]
[Round "9.1"]
[White "Faqeeh, Yara"]
[Black "Hejazipour, Mitra"]
[Result "0-1"]
[BlackTitle "WIM"]
[WhiteElo "1437"]
[BlackElo "2312"]
[WhiteFideId "11501642"]
[BlackFideId "12505951"]
[EventDate "2015.05.17"]

1. d4 Nf6 2. c4 e6 3. Nc3 Bb4 4. Qc2 O-O 5. e4 d6 6. Bd3 Nc6 7. Ne2 e5 8. a3
exd4 9. axb4 Nxb4 10. Qd1 dxc3 11. Nxc3 Nxd3+ 12. Qxd3 h6 13. O-O Re8 14. Re1
Be6 15. h3 Nd7 16. f4 Nc5 17. Qe2 f5 18. Bd2 fxe4 19. Nxe4 Bf5 20. Qh5 Bxe4 21.
Bc3 Bc6 22. Qg6 Qd7 23. f5 Qf7 24. Qxf7+ Kxf7 25. Rxe8 Rxe8 26. Re1 Rxe1+ 27.
Bxe1 Be4 28. g4 Bd3 29. b4 Ne4 30. c5 dxc5 31. bxc5 b6 32. cxb6 cxb6 33. Bb4 a5 0-1

[Event "Zonal 3.1 Women 2015"]
[Site "Muscat OMA"]
[Date "2015.05.24"]
[Round "9.4"]
[White "Alkanderi, Suad"]
[Black "Al-Rufaye, Iman Hasan Mohammed"]
[Result "0-1"]
[BlackTitle "WIM"]
[WhiteElo "1417"]
[BlackElo "2094"]
[WhiteFideId "10300805"]
[BlackFideId "4801067"]
[EventDate "2015.05.17"]

1. d4 d5 2. c4 e6 3. cxd5 exd5 4. Nc3 Nf6 5. Bg5 Be7 6. Nf3 O-O 7. e3 c6 8. Bd3
Re8 9. O-O Bg4 10. Bxf6 Bxf6 11. a3 Nd7 12. Be2 Rc8 13. Re1 Nb6 14. Ne5 Bxe2 15.
Rxe2 Bxe5 16. dxe5 Rxe5 17. b3 Qe7 18. a4 a5 19. Qd3 Nd7 20. Ree1 Qb4 21. Ne2
Nc5 22. Qc3 Qxc3 23. Nxc3 Nxb3 24. Rab1 Nc5 25. Rec1 Re7 26. Ne2 Nxa4 27. g3
Rec7 28. Nf4 b5 29. Re1 Nc3 30. Rbc1 b4 31. Nd3 c5 32. Nb2 a4 33. Nd1 d4 34.
Nxc3 dxc3 35. Re2 a3 36. Rcc2 c4 37. Re1 Rd7 38. Rcc1 b3 39. Ra1 a2 40. Kg2 c2
41. Re2 Rd1 42. Rxa2 bxa2 43. Rxc2 a1=Q 44. e4 Rg1+ 45. Kf3 Qd1+ 46. Re2 g5 47.
Ke3 Qd3# 0-1

[Event "Zonal 3.1 Women 2015"]
[Site "Muscat OMA"]
[Date "2015.05.24"]
[Round "9.5"]
[White "Abeer, Ali"]
[Black "Pourkashiyan, Atousa"]
[Result "0-1"]
[BlackTitle "WGM"]
[WhiteElo "1569"]
[BlackElo "2356"]
[WhiteFideId "9302930"]
[BlackFideId "12502014"]
[EventDate "2015.05.17"]

1. e4 c5 2. Nc3 Nc6 3. f4 g6 4. Nf3 Bg7 5. Bb5 Nd4 6. O-O a6 7. Bd3 d6 8. Ne2
Nxf3+ 9. Rxf3 Nf6 10. c3 b5 11. Bc2 Bb7 12. d3 O-O 13. Qe1 e6 14. Qh4 Nd7 15.
Qh3 f5 16. g4 d5 17. exf5 exf5 18. gxf5 Rxf5 19. d4 Rh5 20. Qe6+ Kh8 21. Ng3 Rh4
22. f5 cxd4 23. fxg6 Ne5 24. Rf7 Bc8 25. Qe7 Nxf7 26. Qxf7 Bh3 27. Nf5 Rg4+ 28.
Kf2 Rxg6 29. Nh4 Qxh4+ 0-1